| 000 | 00436nam a2200169Ia 4500 | ||
|---|---|---|---|
| 001 | 23590 | ||
| 005 | 20260414150947.0 | ||
| 008 | 260414t2014||||xx |||||||||||||| ||spa|| | ||
| 041 | _aESP | ||
| 082 |
_a670.42 _bF83 |
||
| 100 |
_aFreivalds, Andris _eAUT |
||
| 245 | 0 |
_aIngeniería industrial de Niebel : _bmétodos, estándares y diseño del trabajo |
|
| 260 | _c2014 | ||
| 650 | _aTCA | ||
| 654 | _aCII | ||
| 942 |
_cLIB _dJUS _fJUS _2ddc _n |
||
| 999 |
_c23590 _d23590 |
||